MONDIALISATIONS (1880-1935) P2C2 II - Statistiques

Statistiques générales
  • Ce quiz a été pris 10 fois
  • Le résultat moyen est 25 sur 52
Statistiques - réponses
Hint Réponse % Correct
Conférence de Gênes (AAAA) 1922
100%
Briand et Stresemann reçoivent le Nobel de la Paix 1926
100%
Date d'alignement du Royaume-Uni sur ce système (AAAA) 1925
67%
Début du ralentissement des investissements internationaux (AAAA) 1925
67%
Accords de Locarno (AAAA) 1925
67%
Entrée de l'Allemagne dans la SDN 1926
67%
Création de l'Entente Internationale de l'Acier 1926
67%
Année où Briand lance un projet de Fédération européenne à la tribune de la SDN (AAAA) 1929
67%
Autres membres permanents du conseil de sécurité Allemagne, URSS
67%
N° de l'article stipulant qu'une violation armée de ces principes est "un acte de guerre contre tous les autres membres" Article 16
67%
Nom de la première banque internationale Banque des Règlements Internationaux
67%
Actionnaires de cette S.A. Banques centrales
67%
Organe dédié à l'OIT Bureau International du Travail
67%
Cette monnaie est créée par ... Dr. Schacht
67%
Pays où l'on préfèrerait une SDN forte France
67%
Ville où siège la Cour Internationale de Justice La Haye
67%
Keynes dit que les logiques ... ont primé sur les réalités ... dans cet établissement du Gold Exchange Standard (A B) Les logiques politiques ont primé sur les réalités économiques
67%
Nom du document d'identité mis en place pour les apatrides Passeport Nansen
67%
Plan permettant un paiement réduit et échelonné des réparations allemandes (nom date) Plan Dawes en 1924
67%
Plan échelonnant le paiement des réparations allemandes sur 51 ans (nom date) Plan Young en 1929
67%
Lieu disputé par la Grande-Bretagne et la Turquie Province de Mossoul (Irak)
67%
Monnaie allemande créée en 1924 pour rentrer dans le système monétaire de Gênes Reichsmark
67%
Principaux objectifs de la SDN Sécurité collective, coopération fonctionnelle, exécution des mandats
67%
Autre homme politique à l'initiative de Locarno Stresemann
67%
Condition d'action du conseil de sécurité de la SDN Unanimité
67%
Exemple de penseurs ayant imaginé une Europe fédérale auparavant Victor Hugo, Louise Weiss et "L'Europe nouvelle", Richard Coudenhove-Kalergi et "Pan-Europa"
67%
Dates de la conférence de Washington (AAAA-AA), organisée indépendamment de la SDN 1921-22
33%
Dates et raison de l'occupation de la Ruhr par la France (AAAA AAAA raison) 1923-1925 pour un retard de paiement des réparations
33%
Dates où Briand est Ministre des Affaires Étrangères (AAAA-AA) 1925-32
33%
Date de création de l'office international pour les réfugiés 1930
33%
Date de sa fondation 1930
33%
Nombre d'États-membres à la fondation de la SDN 41
33%
Nombre de ceux-ci délivrés pendant l'entre-deux-guerres 450 000
33%
Date du pacte Briand-Kellogg (MM AAAA) Août 1928
33%
Édouard ... veut, dans l'ordre "..., ..., ... (1924) "Arbitrage, sécurité, désarmement" (1924)
33%
Briand, à cette occasion, dit "arrière les ..., les ... et les ..., place à la ..., à l'..., à la paix." (A B C D E) Briand, à cette occasion, dit "arrière les fusils, les mitrailleuses et les canons, place à la conciliation, à l'arbitrage, à la paix."
33%
Objectifs confiés aux banques centrales à Gênes Coopérer et stabiliser les cours des métaux
33%
Cordel ... dit que "La SDN a été responsable de l'... mutuel et des ... d'idées et ... dans une plus grande mesure et dans plus de domaines" que toute autre organisation (A B C D) Cordel Hull dit que "La SDN a été responsable de l'échange mutuel et des discussions d'idées et méthodes dans une plus grande mesure et dans plus de domaines" que toute autre organisation
33%
Notions dont parle l'article 10 du pacte de la SDN intégrité territoriale et indépendance politique
33%
Membres permanents initiaux du conseil de sécurité (d'Est en Ouest) Japon, Italie, France, Royaume-Uni
33%
Jean-Michel ... y voit un retour à l'arbitrage régional Jean-Michel Guieu
33%
Joan H. ... parle d'un "... ..." Joan H. Wilson parle d'un "internationalisme indépendant"
33%
Les monnaies sont désormais convertibles en ... ou en ... Lingots d'or (et plus pièces) ou en monnaies convertibles en lingots d'or
33%
Avec des actions comme Lutte contre la prostitution, contre la faim, contre les trafics de drogue, assistance médicale à la Chine
33%
Date du Mémorandum français sur l'organisation d'un ... d'... ... européen (A B C date) Mémorandum français sur l'organisation d'un régime d'union fédérale européen (1930)
33%
Objectif de l'organisation internationale du travail paix et justice sociales par l'établissement de normes
33%
Accord qui réduit la dette de la France envers les États-Unis (nom date) Accord Mellon-Bérenger en 1926
0%
Des 3 objectifs de la SDN, celui qui est le mieux rempli Collaboration fonctionnelle
0%
Exemple d'institution de gestion financière internationale Comité financier de la SDN
0%
L'article 8 prévoit Le désarmement en Europe
0%
Mesure sur laquelle elle débouche Limitation de l'armement naval
0%
Nom de l'accord international de 1924 dans le but d'engranger ce processus Protocole pour le règlement pacifique des différends internationaux
0%
Aucun quiz correspondant
Distribution des résultats
% des personnes avec chaque résultat
Percentile par nombre de réponses
Votre historique - résultats
Vous n’avez pas pris ce quiz